00533nam a2200157 a 450000100100000000500170001000800410002704000250006811000400009324500250013326000510015830000350020904900090024495201050025399900170035800002987720200930055856.0110426s2005 dr ac 000 0 spa d aDO-SdBNPbspacBNPHU1 aFundación Félix Bautista95662110aMemorias 2004 -2005. aSanto Domingo :bEditora CorripiobFFB,c2005. a53 p. :bil., retrs. ;c28 cm. aBNPD 0010718PDaPDbPDcCTd2011-04-26iLF1l0o p29877-10r2020-06-25w2020-06-25yLFPDZNo se presta c29369d29369